000 00305nam a2200133Ia 4500
001 13155
003 GE_BSU
008 181216s||||||||xx |||||||||||||| ||und||
040 _cGE_BSU
100 _aГлинка,К.П.
245 _aПочвоведение
653 _aПочвоведение
942 _cBK
999 _c46319
_d46319